| 000 | 00987nam a22002297a 4500 | ||
|---|---|---|---|
| 999 |
_c13510 _d13510 |
||
| 003 | AR-CdUCM | ||
| 008 | 190415b ||||| |||| 00| 0 spa d | ||
| 040 |
_aMUNICIPALIDAD PROVINCIAL DEL CUSCO _cBIBLIOTECA MUNICIPAL DEL CUSCO |
||
| 082 |
_a331.88 / _bT36 |
||
| 100 |
_aTemoche Benítez, Ricardo _910139 |
||
| 245 | _aEl sindicato moderno / | ||
| 260 |
_aLima : _bEscuela Sindical Autónoma de Lima, _c[1965]. |
||
| 300 |
_a230 páginas ; _bIlustraciones, _c21 cm. |
||
| 440 |
_aLecturas para trabajadores ; _n5 _931956 |
||
| 505 | _aContenido: Antecedentes históricos de la vida sindical -- Libertad de asociación -- El sindicato -- Estructura del movimiento obrero -- Organización del sindicato -- Funcionamiento de un sindicato ... | ||
| 650 |
_aSindicatos (Derecho laboral) _931957 |
||
| 650 |
_aEducación de obreros _931958 |
||
| 650 |
_aMovimientos obreros _931959 |
||
| 710 |
_aEscuela Sindical Autónoma de Lima _931960 |
||
| 942 |
_2ddc _cLIBROS |
||
| 945 |
_aacv _d2019-04-15 |
||